Normal view
MARC view
- JAYAN P. R
Entry Personal Name
001 - CONTROL NUMBER
- control field: 2869
003 - CONTROL NUMBER IDENTIFIER
- control field: OSt
005 - DATE AND TIME OF LATEST TRANSACTION
- control field: 20180217130348.0
008 - FIXED-LENGTH DATA ELEMENTS
- fixed length control field: 180217|| aca||aabn | a|a d
040 ## - CATALOGING SOURCE
- Original cataloging agency: OSt
- Transcribing agency: OSt
100 ## - HEADING--PERSONAL NAME
- Personal name: JAYAN P. R
670 ## - SOURCE DATA FOUND
- Source citation: Work cat.: (OSt): JAYAN P. R, Development and performance evaluation of a low cost water - wheel for lifting water at low heads
